[Event "POL-chT3 Wielkopolskie 1415"]
[Site "Poland"]
[Date "2015.01.18"]
[Round "5.23"]
[White "Pieczewski, Szymon"]
[Black "Kaczmarek, Julia"]
[Result "1-0"]
[WhiteElo "1670"]
[BlackElo "1744"]
[PlyCount "107"]
[EventDate "2014.11.30"]
[EventType "team-tourn"]
[EventRounds "11"]
[EventCountry "POL"]
[SourceTitle "EXT 2019"]
[Source "ChessBase"]
[SourceDate "2018.10.10"]
[SourceVersion "1"]
[SourceVersionDate "2018.10.10"]
[SourceQuality "1"]

1. e4 g6 2. d4 Bg7 3. c4 d6 4. Nc3 Nc6 5. Be3 e5 6. d5 Nce7 7. Bd3 f5 8. f3 Nf6 9. Qd2 f4 10. Bf2 g5 11. 0-0-0 Ng6 12. Nge2 Qe7 13. Kb1 a6 14. Rc1 c5 15. dxc6 bxc6 16. c5 d5 17. exd5 cxd5 18. Nxd5 Nxd5 19. Bxg6+ hxg6 20. Qxd5 Bf5+ 21. Ka1 Rd8 22. Qc6+ Kf7 23. Nc3 Rd2 24. g4 Bd7 25. Qe4 Rxf2 26. c6 Be6 27. h3 Rb8 28. Rb1 Qb4 29. c7 Rb7 30. Qxb4 Rxb4 31. Ne4 Rc2 32. Rhc1 Rxc1 33. Rxc1 Rxe4 34. fxe4 Bc8 35. Rd1 Ke7 36. b4 Bf8 37. Rd8 Bd7 38. c8Q Bxc8 39. Rxc8 f3 40. Rc3 Ke6 41. Rxf3 Bxb4 42. Kb2 Bd2 43. Kb3 a5 44. a4 Bb4 45. Kc4 Be1 46. Rb3 Bf2 47. Rb5 Be1 48. Rb6+ Kf7 49. Kd5 Bc3 50. Ra6 Kg7 51. Ke6 Kh7 52. Kf7 Bb4 53. Rxg6 Bf8 54. Rxg5 1-0

[Event "POL-chT4B 0910"]
[Site "Wielkoposka"]
[Date "2010.03.07"]
[Round "6"]
[White "Pieczewski, Szymon"]
[Black "Szadkowski, Kamil"]
[Result "0-1"]
[WhiteElo "1800"]
[BlackElo "2159"]
[PlyCount "64"]
[EventDate "2010.01.10"]
[EventType "team-tourn"]
[EventRounds "9"]
[EventCountry "POL"]
[SourceTitle "EXT 2019"]
[Source "ChessBase"]
[SourceDate "2018.10.10"]
[SourceVersion "1"]
[SourceVersionDate "2018.10.10"]
[SourceQuality "1"]
[WhiteTeam "Gorzyce Gorzyczanka"]
[BlackTeam "Konin UKS Smecz"]
[WhiteTeamCountry "POL"]
[BlackTeamCountry "POL"]

1. c4 c5 2. Nc3 Nc6 3. e3 d6 4. d4 cxd4 5. exd4 Nf6 6. d5 Nb8 7. Bd3 g6 8. Nf3 Bg7 9. 0-0 0-0 10. Bg5 Nbd7 11. Rb1 Ng4 12. h3 Nge5 13. Nxe5 Nxe5 14. Be2 Re8 15. f4 Nd7 16. Qd2 a5 17. Bd3 Nc5 18. Bc2 Bd7 19. Rbe1 Qb6 20. Kh1 Qxb2 21. Nd1 Qxa2 22. f5 Bxf5 23. Bxf5 Qxd2 24. Bxd2 gxf5 25. Rxf5 a4 26. Rg5 a3 27. Bc3 f6 28. Rg4 a2 29. Ne3 Kf7 30. Nf5 Bf8 31. Rh4 Ra3 32. Kh2 Rxc3 0-1